IFM Opac

Marketing: concepts, issues, and viewpoints; (Record no. 16934)

MARC details
000 -LEADER
fixed length control field 00388cam a2200133 4500
082 00 - DEWEY DECIMAL CLASSIFICATION NUMBER
Classification number 658.8008 KUR
100 1# - MAIN ENTRY--PERSONAL NAME
Personal name Kurtz, David L.,
245 10 - TITLE STATEMENT
Title Marketing: concepts, issues, and viewpoints;
260 ## - PUBLICATION, DISTRIBUTION, ETC.
Place of publication, distribution, etc. [Morristown, N.J.]
Name of publisher, distributor, etc. D. H. Mark Publications of General Learning Press
Date of publication, distribution, etc. [1972]
300 ## - PHYSICAL DESCRIPTION
Extent 393 p.
490 0# - SERIES STATEMENT
Series statement D. H. Mark series in marketing
650 #0 - SUBJECT ADDED ENTRY--TOPICAL TERM
Topical term or geographic name entry element Marketing.
942 ## - ADDED ENTRY ELEMENTS (KOHA)
Koha item type Books
Holdings
Withdrawn status Lost status Source of classification or shelving scheme Damaged status Not for loan Home library Current library Shelving location Date acquired Full call number Barcode Date last seen Price effective from Koha item type
    Dewey Decimal Classification     IFM Main Campus Library IFM Main Campus Library   10/27/2016 658.8008 KUR 0000010592 10/27/2016 10/27/2016 Books